[Event "118th ch-NZL 2011"]
[Site "Auckland NZL"]
[Date "2011.01.12"]
[Round "11.3"]
[White "Gibbons,R"]
[Black "Watson,B"]
[Result "0-1"]
[WhiteElo "2022"]
[BlackElo "2282"]

1.d4 Nf6 2.Nf3 g6 3.c4 Bg7 4.g3 O-O 5.Bg2 d6 6.O-O Nc6 7.Nc3 a6 8.Re1 Rb8
9.d5 Na5 10.Qd3 c5 11.Rb1 b5 12.cxb5 c4 13.Qd2 axb5 14.b4 cxb3 15.axb3 b4
16.Na2 Bf5 17.Rb2 Qb6 18.Qd1 Be4 19.Ng5 Bxg2 20.Kxg2 h6 21.Nf3 Ne4 22.Be3 Qb5
23.Rb1 Rfc8 24.Bd4 Qxd5 25.Bxg7 Qxd1 26.Rexd1 Kxg7 27.Rd4 Nc3 28.Rb2 Nxa2
29.Rxa2 Nxb3 30.Re4 e6 31.Rb2 d5 32.Re3 Na5 33.Rb1 b3 34.Ne5 b2 35.Ra3 Rc1
36.Rxb2 Rxb2 37.Rxa5 Rxe2 38.Nd3 Rc3 39.Nf4 Rec2 40.Ra7 Rc7 41.Ra4 R2c4 42.Ra2 Rxf4
43.gxf4 Kf6 44.Kg3 Kf5 45.Re2 Rc3+ 46.f3 f6 47.h4 h5 48.Rd2 Rc4 49.Re2 Rxf4
50.Rxe6 Rxf3+  0-1

[Event "TCh-SVK Extraliga 2010-11"]
[Site "Kezmarok CZE"]
[Date "2011.01.15"]
[Round "3.2"]
[White "Lipka,J"]
[Black "Hagara,E"]
[Result "1-0"]
[WhiteElo "2414"]
[BlackElo "2407"]

1.d4 Nf6 2.c4 g6 3.g3 Bg7 4.Bg2 d6 5.Nf3 O-O 6.O-O Nbd7 7.Nc3 e5 8.e4 a6
9.h3 b5 10.Qc2 b4 11.Nd5 exd4 12.Nxd4 Bb7 13.Rd1 c5 14.Nxf6+ Nxf6 15.Nb3 Qe7
16.Bg5 Rac8 17.Qd2 Qe6 18.Re1 Nd7 19.Na5 Ba8 20.Rad1 Be5 21.Be3 Nb6 22.f4 Bg7
23.Qxd6 Bxb2 24.Bxc5 Qxd6 25.Bxd6 Rfe8 26.Bxb4 Nxc4 27.Re2 Bg7 28.e5 Bxg2
29.Kxg2 Nxa5 30.Bxa5 f6 31.e6 Rc6 32.Rd8 Rxd8 33.Bxd8 Kf8 34.g4 f5 35.gxf5 gxf5
36.Bh4 Ke8 37.Kf3 Bd4 38.Rd2 Bb6 39.e7  1-0

[Event "B1 Masters"]
[Site "Marianske Lazne CZE"]
[Date "2011.01.20"]
[Round "7"]
[White "Jurek,J"]
[Black "Bhakti,K"]
[Result "0-1"]
[WhiteElo "2354"]
[BlackElo "2275"]

1.Nf3 Nf6 2.c4 g6 3.d4 Bg7 4.g3 O-O 5.Bg2 d6 6.Nc3 Nbd7 7.O-O e5 8.e4 c6
9.h3 Qb6 10.Re1 exd4 11.Nxd4 Ng4 12.Nce2 Nge5 13.b3 Nc5 14.Be3 Re8 15.Qc2 a5
16.a3 Qd8 17.Rad1 Qe7 18.f4 Ned7 19.Nc3 Nf8 20.Bf2 Qc7 21.b4 axb4 22.axb4 Nce6
23.Nde2 Nd7 24.Qb3 Nb6 25.Rc1 Nf8 26.c5 dxc5 27.bxc5 Nbd7 28.e5 Ne6 29.Ne4 Bf8
30.Red1 Kg7 31.Qc4 Ra5 32.Nd6 Bxd6 33.cxd6 Qd8 34.h4 c5 35.Nc3 b5 36.Qe4 Nb6
37.g4 b4 38.Ne2 c4 39.Qc6 Nd7 40.Qxc4 Ba6 41.Qe4 Bxe2 42.Qxe2 Nxf4 43.Qb2 Raxe5
44.Bd4 Qxh4 45.Rc5 Nxc5 46.Bxe5+ Kg8 47.Bxf4 Qxg4 48.Qd2 Re2 49.Qd5 Ne4 50.Qa8+ Kg7
51.Qa1+ Nc3 52.Qa8 Nxd1  0-1

[Event "3rd Chennai Open"]
[Site "Chennai IND"]
[Date "2011.01.21"]
[Round "6"]
[White "Ramnathan,B"]
[Black "Ashwin,J"]
[Result "0-1"]
[WhiteElo "2262"]
[BlackElo "2427"]

1.d4 Nf6 2.c4 g6 3.Nf3 Bg7 4.g3 O-O 5.Bg2 d6 6.O-O Nbd7 7.Nc3 e5 8.e4 exd4
9.Nxd4 Re8 10.Re1 Nc5 11.h3 Bd7 12.Bf4 h6 13.Qc2 a6 14.Rad1 Rb8 15.b4 Ne6
16.Nxe6 Rxe6 17.Be3 Qe8 18.Qd2 Kh7 19.Bd4 Bc6 20.Nd5 Rc8 21.Qb2 Qh8 22.Nxf6+ Bxf6
23.Bxf6 Rxf6 24.b5 axb5 25.cxb5 Be8 26.f4 Re6 27.Qb4 c6 28.bxc6 Bxc6 29.Rxd6 Rxd6
30.Qxd6 Qc3 31.Kf2 Ra8 32.Re2 Bb5 33.Rd2 Ra3 34.Kg1 Qe3+ 35.Kh1 Qe1+ 36.Kh2 Qxg3+
37.Kh1 Rc3 38.Rd1 Rc2 39.Rg1 Bf1  0-1

[Event "TCh-NOR Attack-serien 2010-11"]
[Site "Oslo NOR"]
[Date "2011.01.21"]
[Round "4"]
[White "Harestad,H"]
[Black "Gullaksen,E"]
[Result "0-1"]
[WhiteElo "2265"]
[BlackElo "2364"]

1.d4 Nf6 2.c4 g6 3.Nf3 Bg7 4.g3 O-O 5.Bg2 d6 6.O-O Nc6 7.Nc3 Bf5 8.d5 Na5
9.Nd2 c6 10.b4 Nxd5 11.cxd5 Bxc3 12.e4 Bxe4 13.Nxe4 Bxa1 14.Bh6 Bg7 15.Bxg7 Kxg7
16.bxa5 Qxa5 17.Qd4+ Kg8 18.Ng5 h6 19.Nh3 cxd5 20.Qh4 e6 21.Qxh6 Qc3 22.Rb1 b6
23.Rb4 Rac8 24.Bf1 Qg7 25.Qd2 Qa1 26.Kg2 Qc1 27.Qe2 Rc2 28.Qa6 Qe1 29.Rh4 Kg7
30.Qd3 Qc3 31.Qa6 Qe1 32.Qa3 Rc1 33.Qd3 Rd1 34.Qb5 a6 35.Qxa6 Ra8 36.Qe2 Qxe2
37.Bxe2 Rd2 38.Bf1 Raxa2 39.Rf4 e5 40.Rb4 Rdb2 41.Rxb2 Rxb2 42.Kf3 b5 43.Ke3 b4
44.Bg2 d4+ 45.Kd3 b3 46.g4 Rb1 47.Kd2 f5  0-1

[Event "3rd Chennai Open"]
[Site "Chennai IND"]
[Date "2011.01.22"]
[Round "7"]
[White "Debashis,D"]
[Black "Pradeep,KR"]
[Result "1/2-1/2"]
[WhiteElo "2406"]
[BlackElo "2231"]

1.Nf3 Nf6 2.c4 g6 3.d4 Bg7 4.g3 O-O 5.Bg2 d6 6.O-O Nc6 7.Nc3 a6 8.b3 e5 9.dxe5 dxe5
10.Ba3 Re8 11.Qxd8 Rxd8 12.Rad1 Bf5 13.h3 h5 14.Ng5 Nh7 15.Nge4 Rxd1 16.Rxd1 Rd8
17.Rxd8+ Nxd8 18.Nd5 Bxe4 19.Bxe4 c6 20.Ne7+ Kh8 21.Kf1 Bf8 22.Bd6 Bg7 23.Bg2 Nf8
24.Ke1 Nde6 25.h4 f5 26.e4 f4 27.Bh3 Kh7 28.Nc8 fxg3 29.fxg3 Nd4 30.Nb6 Nfe6
31.Nd7 Nf3+ 32.Kf2 Ned4 33.Bg2 Nh2 34.Bh3 Nhf3 35.Nc5 b5 36.cxb5 axb5 37.a4 bxa4
38.bxa4 Nd2 39.a5 Nc4 40.a6 Nb5 41.Bb8 Nb6 42.Nd7 Na8 43.Bxe5 Bxe5 44.Nxe5 Nac7
45.Nxc6 Nxa6 46.Bf1 Nac7 47.e5 Nc3 48.Ke3 g5 49.Kd4 N3d5 50.Kc5 gxh4 51.gxh4 Nf4
52.Kd6 Nce6 53.Bc4 Ng7 54.Nd4 Kg6 55.Kd7 Nf5 56.Nf3 Kg7 57.Bb3 Ng6 58.Bc2 Nxe5+
59.Nxe5 Nxh4 60.Ke6 Ng2  1/2-1/2

[Event "TCh-CZE 2010-11"]
[Site "Czech Rep CZE"]
[Date "2011.01.23"]
[Round "7.3"]
[White "Konopka,M"]
[Black "Rasik,V"]
[Result "1/2-1/2"]
[WhiteElo "2454"]
[BlackElo "2502"]

1.d4 Nf6 2.Nf3 g6 3.g3 Bg7 4.Bg2 O-O 5.c4 d6 6.O-O Nc6 7.Nc3 a6 8.e3 Rb8
9.Qe2 b5 10.Rd1 bxc4 11.Qxc4 Na5 12.Qe2 Nd7 13.b3 c5 14.Ba3 Nc6 15.Rac1 Nb4
16.Na4 Qa5 17.dxc5 Nxc5 18.Bxb4 Rxb4 19.Nxc5 dxc5 20.Ne1 Bg4 21.Bf3 Bxf3
22.Nxf3 Rc8 23.Rd5 e6 24.Rd7 c4 25.Rxc4 Rbxc4 26.bxc4 Qa4 27.Qd2 Qxc4 28.Rd8+ Bf8
29.Ne5 Rxd8 30.Nxc4 Rxd2 31.Nxd2 Kg7 32.e4 Kf6 33.Nc4 e5 34.Kf1 Ke6 35.Ke2 Bc5
36.f3 h5 37.Kd3 Bg1 38.h3 f5 39.Nd2 Bf2 40.Nf1 Kf6 41.Ke2  1/2-1/2

[Event "TCh-AUT 2010-11"]
[Site "Graz AUT"]
[Date "2011.01.23"]
[Round "7.5"]
[White "Stagl,M"]
[Black "Mazi,L"]
[Result "1-0"]
[WhiteElo "2131"]
[BlackElo "2375"]

1.d4 Nf6 2.c4 d6 3.Nf3 g6 4.g3 Bg7 5.Bg2 O-O 6.Nc3 Nbd7 7.O-O e5 8.e4 c6
9.h3 Re8 10.Be3 exd4 11.Nxd4 Nc5 12.Qc2 Qe7 13.Rfe1 Nfd7 14.Rad1 a5 15.f4 Nb6
16.b3 Bd7 17.Bf2 Rad8 18.a3 Bc8 19.b4 axb4 20.axb4 Ncd7 21.Qb3 Qf6 22.c5 dxc5
23.bxc5 Na8 24.Qa3 Nc7 25.e5 Qe7 26.Ne4 Na6 27.Nb3 Rf8 28.Nd6 Ndb8 29.Nd2 Be6
30.N2e4 Bd5 31.Rb1 Rd7 32.Rb6 f6 33.exf6 Bxf6 34.Nxf6+ Qxf6 35.Rxb7 Bxg2
36.Kxg2 Rxb7 37.Nxb7 Nc7 38.Nd6 Nd5 39.Qa4 h5 40.Bd4 Qd8 41.Qc2 Kh7 42.Re6 Rg8
43.h4 Nd7 44.f5 Nf8 45.Re8 Qd7 46.fxg6+ Nxg6 47.Rxg8 Nf4+ 48.Kg1 Kxg8 49.gxf4 Nxf4
50.Qb3+ Kh7 51.Qf3 Qe6 52.Qxf4 Qe1+ 53.Kg2 Qe2+ 54.Bf2  1-0

[Event "TCh-NOR Attack-serien 2010-11"]
[Site "Oslo NOR"]
[Date "2011.01.23"]
[Round "6"]
[White "Harestad,H"]
[Black "Hansen,TR"]
[Result "1/2-1/2"]
[WhiteElo "2265"]
[BlackElo "2439"]

1.d4 Nf6 2.c4 g6 3.Nf3 Bg7 4.g3 O-O 5.Bg2 d6 6.O-O Nc6 7.Nc3 a6 8.Qd3 b5
9.cxb5 Nb4 10.Qc4 Nc2 11.Rb1 axb5 12.Qxb5 Bf5 13.e3 c6 14.Qe2 Nb4 15.e4 Bc8
16.a3 Ba6 17.Qe3 Bxf1 18.Bxf1 Na6 19.b4 Nc7 20.a4 Ng4 21.Qg5 f5 22.exf5 Nh6
23.b5 Nxf5 24.bxc6 Nxd4 25.Nxd4 Bxd4 26.Bc4+ e6 27.Qxd8 Raxd8 28.Nb5 Nxb5
29.axb5 d5 30.Bd3 Rxf2 31.Kh1 Bb6 32.Bf4 g5 33.Bxg5 Ra8 34.c7 Bxc7 35.b6 Bxb6
36.Rxb6 Ra1+ 37.Bb1 Rf1+ 38.Kg2 Rfxb1 39.Rxe6 Ra2+ 40.Kh3 Rbb2 41.Kg4 Rxh2
42.Rd6 Ra5 43.Kf5 Ra8 44.Rxd5 Rf8+ 45.Ke4 Rh5 46.Re5 h6 47.Bf4 Rxe5+ 48.Kxe5 h5
49.Ke4 Kh7 50.Kf3 Kg6 51.Kg2 Kf5 52.Kh3 Ra8 53.Bc7 Ra1 54.Bf4 Rb1 55.Bc7 Rh1+
56.Kg2 Rc1 57.Bf4 Rc5 58.Kh3 Rb5 59.Bc7 Rb4 60.Bf4 Rb1 61.Bc7 Ke4 62.Kh4 Kf5
63.Kh3 Rb7 64.Bf4 Rg7 65.Kh4 Rg8 66.Kxh5 Rh8+ 67.Bh6 Rh7 68.g4+ Kf6 69.g5+ Kf5
70.Kh4 Rxh6+  1/2-1/2

[Event "Oceania Zonal"]
[Site "Rotorua NZL"]
[Date "2011.01.28"]
[Round "6.9"]
[White "Safarian,Al"]
[Black "Oliver,G"]
[Result "1/2-1/2"]
[WhiteElo "2013"]
[BlackElo "2210"]

1.d4 Nf6 2.c4 g6 3.g3 Bg7 4.Bg2 O-O 5.Nf3 d6 6.O-O c6 7.Nc3 Nbd7 8.b3 Qc7
9.Bb2 Rd8 10.Rc1 e5 11.e3 Nf8 12.Qe2 Bf5 13.e4 Bg4 14.d5 c5 15.h3 Bd7 16.Nd2 Ne8
17.f4 f6 18.Qf3 a6 19.Ne2 b5 20.g4 h6 21.Rf2 g5 22.fxg5 hxg5 23.Ng3 Ng6 24.Nf5 Bxf5
25.gxf5 Nh4 26.Qg3 Bh6 27.Nf3 Ng7 28.Qg4 Nxf3+ 29.Bxf3 Kf7 30.h4 Rh8 31.Rcc2 Rag8
32.Rg2 Kf8 33.Bc1 Ne8 34.h5  1/2-1/2

[Event "Moscow Open D University Women"]
[Site "Moscow RUS"]
[Date "2011.01.31"]
[Round "3.5"]
[White "Lysenko,Mar"]
[Black "Minina,V"]
[Result "1-0"]
[WhiteElo "2006"]
[BlackElo "2133"]

1.d4 Nf6 2.Nf3 g6 3.g3 Bg7 4.Bg2 O-O 5.c4 d6 6.O-O c6 7.Nc3 Qa5 8.e4 Qh5
9.Ng5 Qxd1 10.Rxd1 Nbd7 11.f4 Ne8 12.e5 Nc7 13.Nge4 dxe5 14.dxe5 Nb6 15.b3 f6
16.exf6 exf6 17.Ba3 f5 18.Bxf8 Kxf8 19.c5 Nbd5 20.Nxd5 Nxd5 21.Nd6 Ne3 22.Bf3 Nxd1
23.Rxd1 Rb8 24.Nxc8 Rxc8 25.Rd7 b6 26.Kf1 bxc5 27.Rxa7 Bd4 28.Ra6 c4 29.bxc4 c5
30.a4 Rb8 31.a5 Rb1+ 32.Ke2 Rb2+ 33.Kd1 Rb1+ 34.Kc2 Rb2+ 35.Kc1 Ra2 36.Ra8+ Ke7
37.a6 Kd7 38.Ra7+ Kd6 39.h4 Ra3 40.Bd5 Ra2 41.h5 Ra1+ 42.Kc2 Ra2+ 43.Kb3 Rb2+
44.Ka3 Rb6 45.Bf7 gxh5 46.Be8 Rb8 47.Bb5 Bf6 48.Rd7+ Ke6 49.a7 Rc8 50.Rb7 Ra8
51.Bc6 Kd6 52.Bd5 Bd8 53.Rxh7  1-0

[Event "33rd Bulgarian Open"]
[Site "Plovdiv BUL"]
[Date "2011.02.01"]
[Round "4.18"]
[White "Grigorov,G"]
[Black "Popov,P"]
[Result "1/2-1/2"]
[WhiteElo "2498"]
[BlackElo "2249"]

1.d4 Nf6 2.c4 g6 3.Nf3 Bg7 4.g3 O-O 5.Bg2 d6 6.O-O Nc6 7.Nc3 Bg4 8.d5 Na5
9.Nd2 c5 10.Qc2 a6 11.f3 Bd7 12.b3 b5 13.Bb2 Rb8 14.Rab1 e6 15.e4 Re8 16.Nd1 bxc4
17.bxc4 Rb4 18.Ne3 exd5 19.cxd5 Ba4 20.Qc1 Bb5 21.Re1 Bd3 22.Nc2 Ra4 23.Ra1 Nc4
24.Bc3 Nxd2 25.Qxd2 Bxc2 26.Qxc2 Rc4 27.Bf1 Rxc3 28.Qxc3 Nxe4 29.Qd3 Bxa1
30.Rxa1 Nf6  1/2-1/2

[Event "16th HIT Open"]
[Site "Nova Gorica SLO"]
[Date "2011.02.02"]
[Round "8"]
[White "Vodopivec,V"]
[Black "Zamar Kodelja,Jurij"]
[Result "1-0"]
[WhiteElo "2009"]
[BlackElo "1644"]

1.Nf3 Nf6 2.c4 g6 3.g3 d6 4.d4 Bg7 5.Bg2 O-O 6.O-O c5 7.Nc3 Bg4 8.dxc5 dxc5
9.Ne5 Qc8 10.Qb3 Nc6 11.Nxc6 bxc6 12.Qa3 Nd7 13.Qa4 Nb8 14.Bf4 Be6 15.Rab1 Bd7
16.Qa3 e5 17.Be3 Bf5 18.Rbc1 Nd7 19.Bxc5 Re8 20.Rfd1 Nb6 21.b3 Bh6 22.e3 Bd7
23.Ne4 Re6 24.Rd2 Bf8 25.Bxf8 Qxf8 26.Qxf8+ Kxf8 27.Nc5  1-0

[Event "33rd Bulgarian Open"]
[Site "Plovdiv BUL"]
[Date "2011.02.02"]
[Round "5.9"]
[White "Arsovic,G"]
[Black "Nevednichy,V"]
[Result "1/2-1/2"]
[WhiteElo "2399"]
[BlackElo "2536"]

1.d4 Nf6 2.Nf3 g6 3.c4 Bg7 4.g3 O-O 5.Bg2 d6 6.O-O Nbd7 7.Nc3 e5 8.e4 a6
9.h3 b5 10.dxe5 dxe5 11.Qc2 c6 12.Be3 Qe7 13.Rfd1 Bb7 14.a3 Rfd8 15.b4 Rac8
16.c5 Nf8 17.Rac1  1/2-1/2

[Event "33rd Bulgarian Open"]
[Site "Plovdiv BUL"]
[Date "2011.02.03"]
[Round "6.10"]
[White "Grigorov,G"]
[Black "Vojinovic,J"]
[Result "1-0"]
[WhiteElo "2498"]
[BlackElo "2289"]

1.d4 d6 2.Nf3 Nf6 3.c4 g6 4.g3 Bg7 5.Bg2 O-O 6.O-O Nc6 7.Nc3 Bf5 8.d5 Na5
9.Nd2 c5 10.e4 Bd7 11.Qc2 a6 12.b3 Rb8 13.Bb2 b5 14.Rab1 Qc7 15.Ne2 Rb7 16.Bc3 Rd8
17.Rbe1 bxc4 18.bxc4 Ng4 19.Bxg7 Kxg7 20.Qc3+ f6 21.h3 Nh6 22.Nc1 e5 23.Nd3 Rbb8
24.f4 Nb7 25.g4 g5 26.fxg5 fxg5 27.Rf2 Re8 28.Nf1 Re7 29.Ng3 Nd8 30.Nh5+ Kg8
31.Ref1  1-0

[Event "Moscow Open D University Women"]
[Site "Moscow RUS"]
[Date "2011.02.04"]
[Round "7.5"]
[White "Lysenko,Mar"]
[Black "Yarullina,A"]
[Result "1/2-1/2"]
[WhiteElo "2006"]
[BlackElo "2047"]

1.d4 Nf6 2.Nf3 g6 3.g3 Bg7 4.Bg2 d6 5.c4 O-O 6.O-O c6 7.Nc3 Qa5 8.e4 Bg4
9.h3 Bxf3 10.Bxf3 e5 11.d5 cxd5 12.Nxd5 Nxd5 13.Qxd5 Qxd5 14.cxd5 Na6 15.Bd2 Rac8
16.Be2 Nc5 17.f3 Na4 18.Bc1 f5 19.Bb5 Nb6 20.Bg5 Bf6 21.Bxf6 Rxf6 22.Rac1 Rff8
23.a4 a5 24.b4 axb4 25.a5 Rxc1 26.Rxc1 Rc8 27.Rb1 Nc4 28.Rc1 Nb6 29.Rb1 Nc4
30.Rc1 Nb6 31.Rb1  1/2-1/2

[Event "33rd Bulgarian Open"]
[Site "Plovdiv BUL"]
[Date "2011.02.04"]
[Round "7.3"]
[White "Antic,De"]
[Black "Nevednichy,V"]
[Result "1/2-1/2"]
[WhiteElo "2495"]
[BlackElo "2536"]

1.d4 Nf6 2.c4 d6 3.Nf3 g6 4.g3 Bg7 5.Bg2 O-O 6.O-O Nbd7 7.Nc3 e5 8.e4 Re8
9.h3 exd4 10.Nxd4 Nc5 11.Re1 Bd7 12.Rb1 h6 13.b4 Ne6 14.Nf3 Ng4 15.hxg4 Bxc3
16.Bd2 Bg7 17.e5 g5 18.exd6 cxd6 19.Be3 Qc7 20.Nd2 Bc6 21.Ne4 Rad8 22.b5 Bxe4
23.Bxe4 Nc5 24.Bd5 Re7 25.Bd2 Rde8 26.Rxe7 Rxe7 27.Qf3 Nd7 28.Re1 Rxe1+ 29.Bxe1 Nc5
30.Qf5 b6 31.Bb4 Qe7 32.Kf1 Qc7 33.f4 gxf4 34.gxf4 Qe7 35.g5 hxg5 36.fxg5 Kf8
37.Qc8+ Qe8 38.Qc7 Be5 39.Qxa7 Nd3 40.Bd2 Bf4 41.Bc3 Nc1 42.Qa8 Qxa8 43.Bxa8 Bxg5
44.Bd4 Bd8 45.Kf2 Nd3+ 46.Ke3 Nc5  1/2-1/2

[Event "33rd Bulgarian Open"]
[Site "Plovdiv BUL"]
[Date "2011.02.04"]
[Round "7.11"]
[White "Jianu,V"]
[Black "Vasilev,VasilA"]
[Result "1-0"]
[WhiteElo "2539"]
[BlackElo "2349"]

1.d4 Nf6 2.c4 g6 3.g3 Bg7 4.Bg2 O-O 5.Nf3 d6 6.O-O Nc6 7.Nc3 a6 8.Qd3 e5
9.dxe5 dxe5 10.Qxd8 Rxd8 11.Bg5 Be6 12.Nd2 h6 13.Bxf6 Rxd2 14.Bxg7 Kxg7 15.Bxc6 bxc6
16.b3 Rad8 17.Rfd1 Kf8 18.Kf1 Rxd1+ 19.Rxd1 Rxd1+ 20.Nxd1 Ke7 21.Nc3 f5 22.Ke1 Kd6
23.Kd2 c5 24.f4 exf4 25.gxf4 g5 26.Ke3 Bf7 27.Kf3 Bh5+ 28.Kg3 Bg6 29.e3 Bh7
30.Nd1 Bg6 31.Nf2 a5 32.fxg5 hxg5 33.Nh3 f4+ 34.exf4 gxf4+ 35.Kxf4 Bb1 36.Ng5 Bxa2
37.Ne4+ Ke6 38.Nd2  1-0

[Event "33rd Bulgarian Open"]
[Site "Plovdiv BUL"]
[Date "2011.02.04"]
[Round "7.8"]
[White "Arsovic,G"]
[Black "Spasov,V"]
[Result "1/2-1/2"]
[WhiteElo "2399"]
[BlackElo "2590"]

1.d4 Nf6 2.Nf3 g6 3.c4 Bg7 4.g3 O-O 5.Bg2 d6 6.O-O Nbd7 7.Nc3 e5 8.e4 exd4
9.Nxd4 Re8 10.h3 Nc5 11.Re1 Bd7 12.Rb1 h6 13.f3 a6 14.Be3 b5 15.cxb5 axb5
16.Ndxb5 Bxb5 17.Nxb5 Rxa2 18.Nc3 Ra8 19.e5 Rxe5 20.f4 Rxe3 21.Rxe3 Rb8 22.b4  1/2-1/2

[Event "ch-TUR"]
[Site "Kemer-Antalya TUR"]
[Date "2011.02.05"]
[Round "1"]
[White "Alper,M"]
[Black "Ozalp,B"]
[Result "1-0"]
[WhiteElo "2034"]
[BlackElo "1851"]

1.d4 Nf6 2.Nf3 g6 3.g3 Bg7 4.Bg2 O-O 5.c4 d6 6.Nc3 Nc6 7.O-O a6 8.e4 Bg4
9.Be3 Nd7 10.h3 Bxf3 11.Bxf3 e5 12.d5 Nd4 13.Bg2 f5 14.exf5 gxf5 15.Bxd4 exd4
16.Ne2 Qf6 17.Nf4 Rfe8 18.Ne6 Rac8 19.b4 Bh8 20.Qd2 Nf8 21.Nf4 Ng6 22.Ne6 Nf8
23.Nxf8 Kxf8 24.Rae1 Bg7 25.f4 Qg6 26.Kf2 h5 27.Bf3 h4 28.g4 Rxe1 29.Rxe1 Re8
30.Rxe8+ Kxe8 31.Qd3 Kf7 32.g5 Kg8 33.Qe2 Bf8 34.Bh5 Qg7 35.Qe6+ Kh8 36.Qxf5 Qe7
37.Qf6+ Qxf6 38.gxf6 Kh7 39.Kf3 Bh6 40.Ke4 d3 41.Kf5 Kg8 42.c5 Bf8 43.c6 bxc6
44.dxc6 d5 45.a3 Bd6 46.Kg5 Kf8 47.Kxh4 Bxf4 48.Kg4 Bd2 49.Bg6 Bc1 50.a4 d2
51.Bc2 Ba3 52.b5 axb5 53.axb5  1-0

[Event "Moscow Open D University Women"]
[Site "Moscow RUS"]
[Date "2011.02.05"]
[Round "8.5"]
[White "Minina,V"]
[Black "Yarullina,A"]
[Result "0-1"]
[WhiteElo "2133"]
[BlackElo "2047"]

1.Nf3 Nf6 2.g3 g6 3.Bg2 Bg7 4.c4 d6 5.d4 O-O 6.O-O c6 7.Nc3 Qa5 8.h3 Qa6
9.b3 b5 10.cxb5 cxb5 11.Bg5 Nbd7 12.a4 b4 13.Nb5 Qb6 14.Nd2 d5 15.Bf4 Bb7
16.Nc7 Qxd4 17.Nxa8 Rxa8 18.Rc1 Qb6 19.Bc7 Qa6 20.Re1 Ne8 21.e4 Bc3 22.Bf4 e5
23.Bf1 Qf6 24.exd5 exf4 25.Ne4 Qf5 26.Nxc3 bxc3 27.Re7 fxg3 28.fxg3 Bxd5
29.Rxc3 Nef6 30.g4 Qg5 31.h4 Qxh4 32.Rh3 Qg5 33.Be2 Rc8 34.Bc4 Bxc4 35.bxc4 Rxc4  0-1

[Event "33rd Bulgarian Open"]
[Site "Plovdiv BUL"]
[Date "2011.02.05"]
[Round "8.9"]
[White "Szabo,G ROM"]
[Black "Vutov,M"]
[Result "1-0"]
[WhiteElo "2542"]
[BlackElo "2341"]

1.d4 Nf6 2.c4 g6 3.Nf3 Bg7 4.g3 O-O 5.Bg2 d6 6.Nc3 Nbd7 7.O-O e5 8.e4 c6
9.h3 exd4 10.Nxd4 Re8 11.Re1 Ne5 12.b3 Qa5 13.Bd2 a6 14.Qc2 c5 15.Nde2 Nc6
16.Rad1 Be6 17.Nd5 Qd8 18.Bc3 Bxd5 19.cxd5 Na7 20.a4 Nd7 21.Nc1 b5 22.Nd3 Rc8
23.Bxg7 Kxg7 24.axb5 Nxb5 25.Nb2 Nb6 26.Ra1 Ra8 27.Nd3 Nd7 28.b4 Nd4 29.Qb2 Qf6
30.bxc5 Rab8 31.Qa2 dxc5 32.Qa4 Nb6 33.Qd1 Nd7 34.Qa4 Nb6 35.Qd1 Nd7 36.Ra4 Nb5
37.Qa1 Nc3 38.Rxa6 Qd4 39.Ra3 Nb5 40.Qxd4+ Nxd4 41.Rc3 Rb3 42.Rxb3 Nxb3 43.Nb2 f5
44.Re3 Nd2 45.exf5 Rxe3 46.fxe3 c4 47.Na4 gxf5 48.Kf2 Kf6 49.Ke2 Ne4 50.g4  1-0

[Event "ch-TUR"]
[Site "Kemer-Antalya TUR"]
[Date "2011.02.06"]
[Round "2"]
[White "Kaymak,Cenk Bahadir"]
[Black "Coban,Met"]
[Result "0-1"]
[WhiteElo "1809"]
[BlackElo "1916"]

1.d4 Nf6 2.c4 g6 3.g3 Bg7 4.Nf3 O-O 5.Bg2 d6 6.O-O c6 7.Nc3 a6 8.a4 a5 9.h3 Na6
10.e4 Qc7 11.Be3 e5 12.d5 Nh5 13.Nd2 Nb4 14.Nb3 f5 15.exf5 Bxf5 16.Ne4 Nf6
17.Nbd2 cxd5 18.Nxf6+ Bxf6 19.cxd5 Qd7 20.Nc4 Bd8 21.Bh6 Rf7 22.Ne3 Bxh3
23.Rc1 Bf5 24.Rc3 Qe7 25.g4 Bd7 26.g5 Bb6 27.Ng4 Bc5 28.Nf6+ Rxf6 29.gxf6 Qxf6
30.Rf3 Qh4 31.Qd2 Re8 32.Bg5 Qd4 33.Qxd4 Bxd4 34.b3 Rf8 35.Rxf8+ Kxf8 36.Rc1 Bc5
37.Be4 Bf5 38.Bf3 e4 39.Be2 Nxd5 40.Bc4 Nb4 41.Rd1 Kg7 42.Bd8 b6 43.Bh4 Nd3
44.Bd5 g5 45.Bxg5 Nxf2 46.Rf1 e3 47.Kh2 Ng4+ 48.Kg3 e2 49.Rxf5 e1=Q+ 50.Kxg4 Qe2+
51.Bf3 Qe6 52.Bd5 h5+  0-1

[Event "ch-TUR"]
[Site "Kemer-Antalya TUR"]
[Date "2011.02.06"]
[Round "2.10"]
[White "Ozturk,Ku"]
[Black "Arat,Uf"]
[Result "1-0"]
[WhiteElo "2266"]
[BlackElo "2028"]

1.d4 Nf6 2.c4 g6 3.Nf3 Bg7 4.g3 O-O 5.Bg2 d6 6.Nc3 Nbd7 7.O-O e5 8.e4 exd4
9.Nxd4 Re8 10.h3 a6 11.Re1 Rb8 12.Bf4 Ne5 13.Bf1 Bd7 14.Nb3 b5 15.c5 b4 16.Nd5 Bc6
17.Bg2 Nxd5 18.exd5 Ba4 19.cxd6 cxd6 20.Rc1 Rc8 21.Qd2 a5 22.Rxc8 Qxc8 23.Nxa5 Bd7
24.Bxe5 Bxe5 25.Nc6 Bxh3 26.Bxh3 Qxh3 27.Nxe5 dxe5 28.Qxb4 Qd7 29.d6 f5 30.Qc4+ Kh8
31.Qc7 Rd8 32.Rxe5  1-0

[Event "ch-TUR"]
[Site "Kemer-Antalya TUR"]
[Date "2011.02.06"]
[Round "3.6"]
[White "Asilkefeli,M"]
[Black "Yilmazyerli,M"]
[Result "1/2-1/2"]
[WhiteElo "2110"]
[BlackElo "2322"]

1.d4 Nf6 2.c4 g6 3.Nf3 Bg7 4.g3 O-O 5.Bg2 d6 6.O-O Nc6 7.Nc3 a6 8.h3 Rb8
9.a4 a5 10.e4 Nd7 11.Be3 e5 12.Rc1 exd4 13.Nxd4 Nde5 14.Nd5 Re8 15.Nb5 Be6
16.Nbxc7 Bxd5 17.Nxd5 Nd7 18.Qc2 Nd4 19.Qd1 Nc6 20.Qc2 Nd4 21.Qd1 Nc6  1/2-1/2

[Event "Moscow Open E"]
[Site "Moscow RUS"]
[Date "2011.02.06"]
[Round "9"]
[White "Lou Yiping"]
[Black "Demchenko,A"]
[Result "1/2-1/2"]
[WhiteElo "2429"]
[BlackElo "2546"]

1.d4 Nf6 2.c4 d6 3.Nf3 g6 4.g3 Bg7 5.Bg2 O-O 6.O-O Nbd7 7.Nc3 e5 8.e3 Re8
9.a4 a5 10.b3 c6 11.Ba3 exd4 12.Nxd4 Nc5 13.Qc2 h5 14.Rad1 Qb6 15.h3 Bd7
16.Rd2 Rad8 17.Rb1 Bc8 18.b4 axb4 19.Rxb4 Qc7 20.Rb1 Qe7 21.a5 Qc7 22.Rb6 Nfd7
23.Ncb5 cxb5 24.Nxb5 Qb8 25.Rbxd6 Ne6 26.f4 Ndf8 27.f5 gxf5 28.Qxf5 Nd4 29.Qxh5 Nxb5
30.cxb5 Rxd6 31.Bxd6 Qa7 32.b6 Qa6 33.Bf1 Qa8 34.Bc7 Rxe3 35.Rd8 Re1 36.Qg5 Kh7
37.Kf2 Rxf1+ 38.Kxf1 Qa6+ 39.Kf2 Be6 40.Be5 Bh6 41.Qf6 Qxa5 42.Qh8+ Kg6 43.Qf6+ Kh7
44.Qh8+  1/2-1/2

[Event "ch-TUR"]
[Site "Kemer-Antalya TUR"]
[Date "2011.02.08"]
[Round "5"]
[White "Bal,Enes Emre"]
[Black "Koksal,E"]
[Result "0-1"]
[WhiteElo "1779"]
[BlackElo "2021"]

1.c4 Nf6 2.Nf3 g6 3.g3 Bg7 4.d4 O-O 5.Bg2 d6 6.O-O Nbd7 7.Nbd2 c5 8.b3 a6
9.Bb2 Rb8 10.Qc2 b5 11.e4 Bb7 12.d5 bxc4 13.Nxc4 Nb6 14.Nfd2 Nfd7 15.Bxg7 Kxg7
16.f4 Nxc4 17.bxc4 Qa5 18.Bh3 Bc8 19.Rab1 Nb6 20.Bxc8 Rfxc8 21.e5 dxe5 22.fxe5 Nd7
23.Rbe1 e6 24.Ne4 Rf8 25.dxe6 fxe6 26.Ng5 Qb6 27.Qd3 Qc6 28.Qd6 Rxf1+ 29.Rxf1 Qxd6
30.exd6 Nf8 31.Rf7+ Kg8 32.Ra7 Rb1+ 33.Kf2 Rc1 34.Nf7 Rd1 35.Nh6+ Kh8 36.g4 g5
37.h4 gxh4 38.g5 Rd2+ 39.Kg1 h3 40.Rf7 Ng6 41.Rf6 Kg7 42.Rf7+ Kh8 43.Rc7 Nf8
44.Rxc5 Kg7 45.Rc7+ Kg6 46.c5 Kxg5 47.Nf7+ Kf4 48.Rb7 Rc2 49.d7 Nxd7 50.Rxd7 Rxc5
51.Rd3 Rc1+ 52.Kh2 Rc2+ 53.Kxh3 Rxa2 54.Rb3 a5 55.Nd8 e5 56.Ne6+ Ke4 57.Ng5+ Kd4
58.Ne6+ Kd5 59.Ng5 h6 60.Nf7 e4 61.Nxh6 a4 62.Re3 Rb2 63.Ng4 Rb3 64.Kg2 Rxe3
65.Nxe3+ Kd4 66.Nc2+ Kd3 67.Na3 Ke2 68.Kg1 e3 69.Nc4 Kd3 70.Nb2+ Kd2 71.Nc4+ Kd3
72.Nb2+ Kc2 73.Nc4 Kb3 74.Nxe3 a3 75.Kf2 a2 76.Nf1 a1=Q  0-1

[Event "1st Open"]
[Site "Cento ITA"]
[Date "2011.02.09"]
[Round "5"]
[White "Lapenna,A"]
[Black "Madani,K"]
[Result "1-0"]
[WhiteElo "2137"]
[BlackElo "2242"]

1.d4 Nf6 2.Nf3 g6 3.g3 Bg7 4.c4 d6 5.Bg2 O-O 6.O-O Nbd7 7.Nc3 e5 8.e4 exd4
9.Nxd4 Re8 10.Re1 Ng4 11.h3 Nge5 12.Bf1 Nc5 13.Be3 Ne6 14.f4 Nxd4 15.Bxd4 Nf3+
16.Qxf3 Bxd4+ 17.Kh2 c6 18.Rad1 Qb6 19.Re2 Bxc3 20.Qxc3 d5 21.cxd5 cxd5 22.e5 Be6
23.Qd4 Qa5 24.a3 Rac8 25.Red2 a6 26.Bg2 Rc4 27.Qf2 Rd8 28.g4 Qa4 29.f5 gxf5
30.gxf5 Bd7 31.Bxd5 Rc5  1-0

[Event "1st Open"]
[Site "Cento ITA"]
[Date "2011.02.09"]
[Round "5"]
[White "Romanishin,O"]
[Black "Fierro Baquero,M"]
[Result "1-0"]
[WhiteElo "2534"]
[BlackElo "2353"]

1.d4 Nf6 2.Nf3 g6 3.g3 Bg7 4.c4 O-O 5.Bg2 d6 6.O-O Nc6 7.Nc3 Bf5 8.Bd2 Ne4
9.Be1 Nxc3 10.Bxc3 Be4 11.e3 e5 12.d5 Ne7 13.Bh3 b5 14.Ng5 Bf5 15.Bxf5 Nxf5
16.Nf3 bxc4 17.e4 Ne7 18.Qa4 c6 19.dxc6 Rc8 20.Rad1 Nxc6 21.Qxc4 Qf6 22.Qd3 Rfd8
23.Kg2 h6 24.Qd5 Ne7 25.Qb3 Rb8 26.Qa3 Qe6 27.Bb4 Nc8 28.Ba5 Rd7 29.Rfe1 d5
30.exd5 Rxd5 31.Rxd5 Qxd5 32.Bc7 Rb5 33.Bxe5 Bf8 34.Qa6 Nb6 35.Bc3 Qc6 36.Kg1 Bc5
37.Ne5 Qe8 38.Ng4  1-0

[Event "ch-TUR"]
[Site "Kemer-Antalya TUR"]
[Date "2011.02.09"]
[Round "6.5"]
[White "Ozturk,Ku"]
[Black "Kerigan,D"]
[Result "1/2-1/2"]
[WhiteElo "2266"]
[BlackElo "2134"]

1.Nf3 Nf6 2.d4 g6 3.g3 Bg7 4.Bg2 O-O 5.c4 d6 6.O-O Nbd7 7.Nc3 e5 8.e4 exd4
9.Nxd4 Re8 10.Re1 a6 11.h3 Rb8 12.b3 Qe7 13.Bb2 c5 14.Nc2 b5 15.Ne3 Qf8 16.Qc2 Ne5
17.cxb5 axb5 18.Ncd5 Nxd5 19.Nxd5 f5 20.f4 Nd3 21.Qxd3 Bxb2 22.Rad1 fxe4
23.Rxe4 Bd7  1/2-1/2